|
|
|
|
| LEADER |
01110naa a2200241 i 4500 |
| 001 |
publ25117 |
| 005 |
20220920102921.0 |
| 008 |
220920s2022 hu o 0|| Magyar d |
| 020 |
|
|
|a 9789632267890
|
| 024 |
7 |
|
|a 32162945
|2 mtmt
|
| 040 |
|
|
|a SZTE Publicatio Repozitórium
|b hun
|
| 041 |
|
|
|a Magyar
|
| 100 |
1 |
|
|a Martos Tamás
|
| 245 |
1 |
0 |
|a Kapcsolati Elégedettség Skála
|h [elektronikus dokumentum] :
|b (Relationship Assessment Scale, RAS) /
|c Martos Tamás
|
| 260 |
|
|
|a Medicina Könyvkiadó Zrt.
|b Budapest
|c 2022
|
| 300 |
|
|
|a 4
|
| 300 |
|
|
|a 380-383
|
| 490 |
0 |
|
|a Kérdőíves módszerek a klinikai és egészségpszichológiai kutatásban és gyakorlatban I
|
| 650 |
|
4 |
|a Szakpszichológia (benne tanulási, beszéd, hallási, látási, egyéb fizikai vagy pszichológiai fogyatékosságok terápiája)
|
| 700 |
0 |
1 |
|a Lakatos Csilla
|e aut
|
| 700 |
0 |
1 |
|a Sallay Viola
|e aut
|
| 856 |
4 |
0 |
|u http://publicatio.bibl.u-szeged.hu/25117/1/Martos-Lakatos-Sallay_RAS_20190331.pdf
|z Dokumentum-elérés
|
| 856 |
4 |
0 |
|u http://publicatio.bibl.u-szeged.hu/25117/3/K%C3%A9rd%C5%91%C3%ADves_c%C3%ADmlap_tartj.pdf
|z Dokumentum-elérés
|